ბათუმის შოთა რუსთაველის სახელმწიფო უნივერსიტეტის ბიბლიოთეკა

საქართველოს სოფლის მეურნეობის მეცნიერებათა აკადემია. მოამბე. 25 (ბიბ.ჩანაწერი № 54832)

000 -LEADER
fixed length control field 00940nam a2200193Ia 4500
001 - CONTROL NUMBER
control field 21901
003 - CONTROL NUMBER IDENTIFIER
control field GE_BSU
008 - FIXED-LENGTH DATA ELEMENTS--GENERAL INFORMATION
fixed length control field 181216s||||||||xx |||||||||||||| ||und||
040 ## - CATALOGING SOURCE
Transcribing agency GE_BSU
080 ## - UNIVERSAL DECIMAL CLASSIFICATION NUMBER
Universal Decimal Classification number პერიოდიკა
245 ## - TITLE STATEMENT
Title საქართველოს სოფლის მეურნეობის მეცნიერებათა აკადემია. მოამბე. 25
245 ## - TITLE STATEMENT
Statement of responsibility, etc. მთავ. რედ. შ. ჭალაგანიძე
250 ## - EDITION STATEMENT
Edition statement საქართველოს სოფლის მეურნეობის მეცნიერებათა აკადემია
260 ## - PUBLICATION, DISTRIBUTION, ETC.
Place of publication, distribution, etc. თბილისი
260 ## - PUBLICATION, DISTRIBUTION, ETC.
Date of publication, distribution, etc. 2009
300 ## - PHYSICAL DESCRIPTION
Extent 389 გვ. 30 სმ.
653 ## - INDEX TERM--UNCONTROLLED
Uncontrolled term საქართველოს სოფლის მეურნეობის მეცნიერებათა აკადემია. მოამბე. 25
942 ## - ADDED ENTRY ELEMENTS (KOHA)
Koha item type პერიოდიკა
ეგზემპლარები
Withdrawn status Lost status Damaged status Not for loan Date acquired Barcode Date last seen Price effective from Koha item type
        2018-12-17 p 79083 2018-12-17 2018-12-17 პერიოდიკა